000
00317nam a22001457a 4500
008
221115b ||||| |||| 00| 0 eng d
020
_a
9780691058627
041
_a
eng
080
_a
521
082
_a
521KIR
100
_a
19.1
101
_a
ASTRO
245
_a
EXTRAVAGANT UNIVERSE
_c
KIRSHNER R
942
_2
udc
_c
BK
999
_c
58906
_d
58906